000 00538nam a22001817a 4500
999 _c193408
_d193408
005 20221028111328.0
010 _aENG-135570
020 _a9789351952381
_c599.00
035 _aEN-119102
037 _bDBAD/PUB
082 _aN
100 _aRoy, Anuradha
245 _aAll the lives we never lived /
_cby Anil Malhotra
260 _aGurugram
_bHachette Book Publishing India Pvt. Ltd.
_c2018
270 _a4th/5th Floors. Corporate Center, Sector 44
_bGurugram
_e122003
300 _a336p.
_c22cm(hbk)
942 _2ddc
_cEN
_mROY
_hN